Etica de las profesiones jurídicas /

Esta obra se relaciona con la ética para todas las profesiones de Augusto Hortal y posee dos partes. La primera parte es de carácter general en la que se estudian los instrumentos fundamentales de actuación del profesional del derecho y en la segunda se hace el planteamiento ético de las primordiale...

Descrizione completa

Salvato in:
Dettagli Bibliografici
Autore principale: Grande Yáñez, Miguel (autor)
Altri autori: Almoguera Carreres, Joaquín (colaboración) (colaboración), Jiménez Escobar, Julio (colaboración) (colaboración)
Natura: Libro
Lingua:spagnolo
Pubblicazione: Bilbao, España : Desclée de Brouwer : Federación de Centros Universitarios Jesuitas, 2006, c2006
Serie:(Etica de las Profesiones)
Soggetti:
Tags: Aggiungi Tag
Nessun Tag, puoi essere il primo ad aggiungerne!!

MARC

LEADER 00000nam^a2200000^a^4500
001 000189517
005 20250521000000.0
009 20260310102415.365
020 |a 84-330-2040-4 
037 |a Acervo ITESO - Biblioteca 
041 |a ESP 
082 |a 340. 112  |b GRA 
100 |a Grande Yáñez, Miguel  |e (autor) 
245 1 0 |a Etica de las profesiones jurídicas /  |c M. Grande Yáñez ; colaboración de J. Almoguera Carreres, J. Jiménez Escobar. 
264 4 |a Bilbao, España :  |b Desclée de Brouwer :  |b Federación de Centros Universitarios Jesuitas,  |c 2006, c2006 
300 |a 264 p. 
336 |a texto  |b txt  |2 rdacontenido 
337 |a sin mediación  |b n  |2 rdamedio 
338 |a volumen  |b nc  |2 rdasoporte 
440 1 |a (Etica de las Profesiones) 
520 |a Esta obra se relaciona con la ética para todas las profesiones de Augusto Hortal y posee dos partes. La primera parte es de carácter general en la que se estudian los instrumentos fundamentales de actuación del profesional del derecho y en la segunda se hace el planteamiento ético de las primordiales profesiones jurídicas de actuación procesal: juez, ministerio fiscal y abogado. 
649 |a XX 
650 |a Etica Jurídica -  |x Tema Principal 
650 |a Etica Profesional 
650 |a Derecho -  |x Filosofía 
700 |a Almoguera Carreres, Joaquín  |e (colaboración) 
700 |a Jiménez Escobar, Julio  |e (colaboración) 
910 |a Fondo General 
920 |a Impresos - Libros 
930 |a Colección General 
905 |a 101 
901 |a 0500132634  |b IT1  |c ACC  |u 20250521 
902 |a https://opac.biblio.iteso.mx/vufind/Record/000189517